<?xml version="1.0" encoding="UTF-8"?>
<record
    xmlns:xsi="http://www.w3.org/2001/XMLSchema-instance"
    xsi:schemaLocation="http://www.loc.gov/MARC21/slim http://www.loc.gov/standards/marcxml/schema/MARC21slim.xsd"
    xmlns="http://www.loc.gov/MARC21/slim">

  <leader>00500nam a22001937a 4500</leader>
  <controlfield tag="003">MPLRDC</controlfield>
  <controlfield tag="005">20220104142336.0</controlfield>
  <controlfield tag="008">210129b           ||||| |||| 00| 0 eng d</controlfield>
  <datafield tag="020" ind1=" " ind2=" ">
    <subfield code="a">957-767-016-4</subfield>
  </datafield>
  <datafield tag="082" ind1=" " ind2=" ">
    <subfield code="a">802.35 ZZY v.3</subfield>
  </datafield>
  <datafield tag="100" ind1=" " ind2=" ">
    <subfield code="a">&#x90D1;&#x632F;&#x8000;&#x6F2B;&#x753B;</subfield>
  </datafield>
  <datafield tag="245" ind1=" " ind2=" ">
    <subfield code="a">&#x5C0F;&#x53EE;&#x5F53;&#x6F2B;&#x753B;&#x6210;&#x8BED;&#x5C0F;&#x767E;&#x79D1;. &#x4E09;</subfield>
    <subfield code="c"></subfield>
  </datafield>
  <datafield tag="250" ind1=" " ind2=" ">
    <subfield code="a">&#x521D;&#x7248;</subfield>
  </datafield>
  <datafield tag="260" ind1=" " ind2=" ">
    <subfield code="a"></subfield>
    <subfield code="b">&#x9633;&#x94ED;&#x51FA;&#x7248;&#x793E;</subfield>
    <subfield code="c">1994</subfield>
  </datafield>
  <datafield tag="300" ind1=" " ind2=" ">
    <subfield code="b">&#x5E73;</subfield>
  </datafield>
  <datafield tag="490" ind1=" " ind2=" ">
    <subfield code="a">&#x5C0F;&#x53EE;&#x5F53;&#x6F2B;&#x753B;&#x6210;&#x8BED;&#x5C0F;&#x767E;&#x79D1;. 3</subfield>
  </datafield>
  <datafield tag="650" ind1=" " ind2=" ">
    <subfield code="a">&#x6F2B;&#x753B;&#x6210;&#x8BED;</subfield>
  </datafield>
  <datafield tag="942" ind1=" " ind2=" ">
    <subfield code="c">BK</subfield>
    <subfield code="o">802.35 ZZY v.3</subfield>
  </datafield>
  <datafield tag="999" ind1=" " ind2=" ">
    <subfield code="c">30036</subfield>
    <subfield code="d">30026</subfield>
  </datafield>
  <datafield tag="952" ind1=" " ind2=" ">
    <subfield code="0">0</subfield>
    <subfield code="1">0</subfield>
    <subfield code="2">ddc</subfield>
    <subfield code="4">0</subfield>
    <subfield code="7">0</subfield>
    <subfield code="8">OSC</subfield>
    <subfield code="a">MPLRDC</subfield>
    <subfield code="b">MPLRDC</subfield>
    <subfield code="c">OSC</subfield>
    <subfield code="d">2007-12-10</subfield>
    <subfield code="g">21.00</subfield>
    <subfield code="l">0</subfield>
    <subfield code="o">802.35 ZZY v.3</subfield>
    <subfield code="p">00030109</subfield>
    <subfield code="r">2021-03-18</subfield>
    <subfield code="s">2007-12-10</subfield>
    <subfield code="w">2021-03-18</subfield>
    <subfield code="y">BK</subfield>
    <subfield code="z">mplrdc</subfield>
  </datafield>
</record>
